000 00638nam a22001937a 4500
005 20150810143959.0
010 _aENG-113594
020 _a9781138020368
_c795.00
035 _aEN-97126
037 _bDBAD/PUB
082 _a330.09
100 _aTayal, Skand R.
245 _aIndia and the republic of Korea :
_cby Skand R. Tayal
_bengaged democracies /
260 _aNew Delhi
_bRoutledge
_c2014
270 _a912 Tolstoy House, 15-17 Tolstoy Marg, Connaught Place
_bNew Delhi
_e110001
300 _axviii,295p.
_c23cm(Hb)
500 _aIncludes bibliographical references and index
942 _2ddc
_cEN
_mTAY
_h330.09
999 _c95168
_d95168